| 000 | 00583 a2200217 4500 | ||
|---|---|---|---|
| 005 | 20260401123104.0 | ||
| 008 | 260401b |||||||| |||| 00| 0 eng d | ||
| 020 |
_a9789357787727 _cRs. 2895.00 |
||
| 040 | _aMAIN | ||
| 082 |
_a345 _bK133B |
||
| 100 | _aKansal, Saurabh | ||
| 245 | _aBharatiya nagarik suraksha sanhita 2023: Law and practice | ||
| 260 |
_bTaxmann Publications _c2025 _aNew Delhi |
||
| 300 | _av. | ||
| 650 | _aLaw | ||
| 650 | _aCriminal Law | ||
| 650 | _aIndia-Criminal Procedure | ||
| 700 | _aDeswal, Vageshwari | ||
| 700 | _aGoyal, Shruti | ||
| 942 | _cBK | ||
| 999 |
_c396361 _d396361 |
||